[Event "Dos Hermanas Internet Final"]
[Site "Internet Chess Club"]
[Date "2005.03.26"]
[Round "1.1"]
[White "Wang, Rui"]
[Black "Bocharov, Dmitry"]
[Result "0-1"]
[WhiteElo "2478"]
[BlackElo "2585"]
[PlyCount "78"]
[EventDate "2005.03.26"]
[EventType "k.o. (rapid)"]
[EventCountry "ESP"]
[Source "lmi"]
[SourceDate "2005.03.28"]

1. d4 Nf6 2. c4 e6 3. Nc3 Bb4 4. Qc2 c5 5. dxc5 Qc7 6. Nf3 Bxc5 7. e3 a6 8. b3
b6 9. Bb2 Bb7 10. Rd1 Be7 11. Bd3 d6 12. O-O Nbd7 13. Qe2 O-O 14. Bb1 Rfe8 15.
Nd4 Rac8 16. f4 Bf8 17. f5 exf5 18. Nxf5 g6 19. Ng3 Bh6 20. e4 Bg7 21. Kh1 Ne5
22. Qd2 Rcd8 23. Nd5 Nxd5 24. exd5 Qe7 25. Qf4 b5 26. cxb5 axb5 27. Bd4 Bxd5
28. Ne4 f5 29. Nc3 Bc6 30. h3 Qb7 31. Rf2 Re7 32. a3 Rde8 33. Ba2 Kh8 34. Qd2
Rf8 35. Bb1 f4 36. Rxf4 Rxf4 37. Qxf4 Bxg2+ 38. Kh2 Rf7 39. Qg3 Bc6 0-1

[Event "Dos Hermanas Internet Final"]
[Site "Internet Chess Club"]
[Date "2005.03.26"]
[Round "1.1"]
[White "Todorovic, Goran M"]
[Black "Nogueiras, Jesus"]
[Result "1/2-1/2"]
[WhiteElo "2511"]
[BlackElo "2545"]
[PlyCount "106"]
[EventDate "2005.03.26"]
[EventType "k.o. (rapid)"]
[EventCountry "ESP"]
[Source "lmi"]
[SourceDate "2005.03.28"]

1. e4 e6 2. d4 d5 3. Nd2 c5 4. Ngf3 Nf6 5. Bb5+ Bd7 6. Bd3 dxe4 7. Nxe4 Nxe4 8.
Bxe4 Bc6 9. Qd3 Bxe4 10. Qxe4 Nc6 11. Be3 cxd4 12. Nxd4 Qc7 13. O-O-O Be7 14.
Bf4 Qb6 15. Nxc6 Qxc6 16. Qxc6+ bxc6 17. Rd4 c5 18. Ra4 Kd7 19. Ra6 Rhc8 20.
Rd1+ Ke8 21. c4 Rd8 22. Be3 Rxd1+ 23. Kxd1 Kd7 24. Kc2 Kc7 25. a3 Kb7 26. Ra5
Kc6 27. Ra6+ Kb7 28. Ra5 Kc6 29. Kc3 Bf6+ 30. Kc2 Be7 31. Bd2 a6 32. b4 cxb4
33. axb4 Kb7 34. Kc3 Bf6+ 35. Kc2 Rc8 36. c5 Rd8 37. Be3 Rd5 38. b5 axb5 39.
Rxb5+ Kc6 40. Rb6+ Kc7 41. Ra6 Kb7 42. Rb6+ Kc7 43. Ra6 Kb7 44. Rb6+ Kc7 45.
Kb3 Bd4 46. Bxd4 Rxd4 47. Kc3 Rd1 48. Ra6 Rc1+ 49. Kd4 Rd1+ 50. Kc4 Rc1+ 51.
Kd4 Rd1+ 52. Kc4 Rc1+ 53. Kd4 Rd1+ 1/2-1/2

[Event "Dos Hermanas Internet Final"]
[Site "Internet Chess Club"]
[Date "2005.03.26"]
[Round "1.1"]
[White "Lie, Kjetil Aleksander"]
[Black "Guseinov, Gadir"]
[Result "0-1"]
[WhiteElo "2481"]
[BlackElo "2574"]
[PlyCount "72"]
[EventDate "2005.03.26"]
[EventType "k.o. (rapid)"]
[EventCountry "ESP"]
[Source "lmi"]
[SourceDate "2005.03.28"]

1. c4 g6 2. g3 Bg7 3. Bg2 Nf6 4. Nc3 O-O 5. d3 d6 6. Bg5 e5 7. Qd2 Re8 8. h4 h5
9. Nh3 c6 10. f4 Qb6 11. fxe5 dxe5 12. Bxf6 Bxf6 13. Rf1 Bxh3 14. Bxh3 Bg7 15.
g4 hxg4 16. Bxg4 Qd8 17. Rh1 f5 18. Bf3 Nd7 19. h5 g5 20. h6 Bf6 21. Bh5 Re7
22. Bg6 e4 23. dxe4 Ne5 24. Qxd8+ Rxd8 25. exf5 Nxc4 26. Rd1 Rf8 27. h7+ Kh8
28. Rd3 Nxb2 29. Rg3 Nc4 30. Nd1 Rd8 31. Nf2 Ne3 32. Nd3 Nd5 33. Kf2 Nc3 34.
Re1 Ne4+ 35. Kf3 Nxg3 36. Kxg3 Rxd3+ 0-1

[Event "Dos Hermanas Internet Final"]
[Site "Internet Chess Club"]
[Date "2005.03.26"]
[Round "1.1"]
[White "Rajaram Laxman"]
[Black "Sakaev, Konstantin"]
[Result "0-1"]
[WhiteElo "2377"]
[BlackElo "2677"]
[PlyCount "109"]
[EventDate "2005.03.26"]
[EventType "k.o. (rapid)"]
[EventCountry "ESP"]
[Source "lmi"]
[SourceDate "2005.03.28"]

1. Nf3 Nf6 2. c4 c6 3. Nc3 d5 4. e3 a6 5. d4 b5 6. cxd5 cxd5 7. a3 e6 8. Bd3
Bb7 9. O-O Nbd7 10. Qe2 Bd6 11. e4 dxe4 12. Nxe4 Nxe4 13. Bxe4 Bxe4 14. Qxe4
O-O 15. Bg5 Qb6 16. Rac1 Rac8 17. d5 Nc5 18. Qd4 e5 19. Qe3 f6 20. Bh4 Na4 21.
Qd2 Qb7 22. Rcd1 Nb6 23. Qe2 Rc4 24. b3 Rc3 25. Nd4 Qd7 26. Ne6 Rfc8 27. a4
Rxb3 28. axb5 Rxb5 29. Qg4 Nxd5 30. Bxf6 Re8 31. Qxg7+ Qxg7 32. Nxg7 Rf8 33.
Rd3 Rxf6 34. Nh5 Rg6 35. Ng3 Nf4 36. Rd2 Rd5 37. Rb2 Bc5 38. Rb8+ Kg7 39. Rb7+
Kh8 40. Rb8+ Rg8 41. Rb3 Bd4 42. Kh1 Rb5 43. Ra3 a5 44. Ne4 Rxg2 45. Rc1 Rg8
46. Nf6 Rgb8 47. Rg3 Rb1 48. Rg8+ Rxg8 49. Rxb1 Rf8 50. Ne4 a4 51. Rb7 a3 52.
Ng5 a2 53. Rxh7+ Kg8 54. h4 a1=Q+ 55. Kh2 0-1

[Event "Dos Hermanas Internet Final"]
[Site "Internet Chess Club"]
[Date "2005.03.26"]
[Round "1.1"]
[White "Sundararajan, Kidambi"]
[Black "Volkov, Sergey"]
[Result "1/2-1/2"]
[WhiteElo "2473"]
[BlackElo "2612"]
[PlyCount "140"]
[EventDate "2005.03.26"]
[EventType "k.o. (rapid)"]
[EventCountry "ESP"]
[Source "lmi"]
[SourceDate "2005.03.28"]

1. d4 d5 2. c4 c6 3. Nc3 Nf6 4. Nf3 a6 5. c5 Nbd7 6. h3 Qc7 7. Bg5 Ne4 8. Bh4
Qa5 9. e3 e5 10. Qc2 b6 11. cxb6 Bb4 12. Rc1 Qxa2 13. dxe5 Nxb6 14. Bd3 Nxc3
15. bxc3 Qxc2 16. Rxc2 Be7 17. Bxe7 Kxe7 18. O-O Bd7 19. c4 dxc4 20. Be4 a5 21.
Rb1 Ra6 22. Nd2 a4 23. Nxc4 Nxc4 24. Rxc4 a3 25. Ra1 a2 26. Rc2 Rha8 27. f4 g6
28. g4 Be6 29. f5 gxf5 30. gxf5 Bd5 31. Bxd5 cxd5 32. Kf2 f6 33. e6 Kd6 34. Kf3
R8a7 35. Rd2 Ke5 36. e7 Rxe7 37. Rdxa2 Rxa2 38. Rxa2 Kxf5 39. Ra5 Re5 40. Ra7
h5 41. Rh7 Kg6 42. Rd7 Rf5+ 43. Kg3 Rg5+ 44. Kf4 h4 45. Rd8 Re5 46. Kf3 Rf5+
47. Kg4 Re5 48. Kf4 Kf7 49. Kf3 Ke6 50. Rh8 Re4 51. Rh5 Ra4 52. Rh8 Kf7 53.
Rh7+ Ke6 54. Rh8 Ke5 55. Rh5+ f5 56. Rh8 Ra3 57. Re8+ Kd6 58. Rh8 d4 59. Rd8+
Ke5 60. Rxd4 Ra1 61. Rxh4 Rf1+ 62. Kg2 Re1 63. Kf2 Rh1 64. Rh8 Kf6 65. Kg3 Re1
66. Kf2 Rh1 67. Kg2 Re1 68. Kf2 Rh1 69. Rh4 Kg5 70. Rh8 Kf6 1/2-1/2

[Event "Dos Hermanas Internet Final"]
[Site "Internet Chess Club"]
[Date "2005.03.26"]
[Round "1.1"]
[White "Mamedov, Rauf"]
[Black "Fridman, Daniel"]
[Result "1/2-1/2"]
[WhiteElo "2494"]
[BlackElo "2569"]
[PlyCount "134"]
[EventDate "2005.03.26"]
[EventType "k.o. (rapid)"]
[EventCountry "ESP"]
[Source "lmi"]
[SourceDate "2005.03.28"]

1. e4 e5 2. Nf3 d6 3. d4 exd4 4. Nxd4 Nf6 5. Nc3 Be7 6. Bd3 O-O 7. O-O c5 8.
Nb3 Nc6 9. h3 Be6 10. Nd5 Ne5 11. Nxf6+ Bxf6 12. Be2 Nc6 13. c3 c4 14. Nd2 b5
15. f4 Re8 16. Bf3 Rc8 17. Kh1 b4 18. f5 bxc3 19. bxc3 Bd7 20. Nxc4 Bxc3 21.
Rb1 Nd4 22. Nxd6 Ba4 23. Qxa4 Qxd6 24. Be3 Nxf3 25. Rxf3 Qd3 26. Rbf1 Qxe4 27.
Qxa7 Bf6 28. Bg1 Ra8 29. Qf2 Qd5 30. a3 h6 31. Qc2 Rec8 32. Qe2 Re8 33. Qf2 Qd6
34. Qa2 Qd7 35. Qc4 Rec8 36. Qe4 Ra4 37. Qb1 Rca8 38. Rd3 Qc6 39. Qa2 Qc7 40.
Rfd1 Qc8 41. Rd7 Qe8 42. R7d3 R4a5 43. Re3 Qf8 44. Red3 Rxa3 45. Rxa3 Qxa3 46.
Qd5 Qa2 47. Qe4 Qa4 48. Qf3 Qa3 49. Rd3 Qa4 50. Rd1 Qa2 51. Re1 Qa3 52. Re3 Qa4
53. Re4 Qc6 54. Qe3 Qc8 55. Rf4 Qc6 56. Rf3 Re8 57. Qf2 Qd5 58. Qf1 Re4 59. Rd3
Qc6 60. Rf3 Rc4 61. Qd3 Rc1 62. Rf1 Rxf1 63. Qxf1 Qe4 64. Bh2 h5 65. Bg3 h4 66.
Be1 Qe5 67. Bd2 Qe4 1/2-1/2

[Event "Dos Hermanas Internet Final"]
[Site "Internet Chess Club"]
[Date "2005.03.26"]
[Round "1.1"]
[White "Savchenko, Boris"]
[Black "Cheparinov, Ivan"]
[Result "1-0"]
[WhiteElo "2484"]
[BlackElo "2572"]
[PlyCount "175"]
[EventDate "2005.03.26"]
[EventType "k.o. (rapid)"]
[EventCountry "ESP"]
[Source "lmi"]
[SourceDate "2005.03.28"]

1. e4 c5 2. Nf3 d6 3. d4 cxd4 4. Nxd4 Nf6 5. Nc3 a6 6. Bg5 e6 7. f4 b5 8. e5
dxe5 9. fxe5 Qc7 10. exf6 Qe5+ 11. Be2 Qxg5 12. Qd3 Qxf6 13. O-O-O Be7 14. Bf3
Ra7 15. Nc6 Rd7 16. Qe2 O-O 17. Nxb8 Qf4+ 18. Kb1 Qxb8 19. Bc6 Rxd1+ 20. Rxd1
Qxh2 21. Qd2 Qc7 22. Be4 Rd8 23. Bd3 h6 24. a3 Bb7 25. Rf1 Bg5 26. Qe2 Rd7 27.
Ne4 Bd8 28. g4 Qe5 29. Re1 Bf6 30. Nxf6+ Qxf6 31. Rg1 Qg5 32. Qf2 Bd5 33. Qb6
Bb7 34. Qa7 Qd8 35. Qe3 Qg5 36. Qb6 Qd8 37. Qe3 Qg5 38. Qf2 Qf6 39. Qh2 Qg5 40.
Qg3 g6 41. Qh2 Kg7 42. Rf1 e5 43. Qe2 Re7 44. Qf2 e4 45. Be2 Qe5 46. Qe3 Qg5
47. Qc3+ Qe5 48. Qe3 Kh7 49. Rh1 g5 50. Rf1 Bc8 51. Qb6 Kg7 52. Qd8 Qc7 53. Qd2
Qe5 54. Qe3 Bd7 55. Qb6 Be6 56. Rh1 e3 57. Rd1 Rd7 58. Bd3 Rd6 59. Qc7 Qd4 60.
Rf1 Qe5 61. Qa5 Rd5 62. Qb4 Rd4 63. Qe1 Rd5 64. Qe2 Rd4 65. Rf3 Rf4 66. Rxe3
Qf6 67. Qd2 Rxg4 68. Re1 Rf4 69. Qe3 h5 70. Qe2 h4 71. b3 h3 72. Qh5 Bf5 73.
Bxf5 Qxf5 74. Kb2 Qf6+ 75. Kb1 Rh4 76. Qe2 h2 77. Rh1 Qf4 78. Qg2 g4 79. Kb2 g3
80. Ka2 Rg4 81. Rf1 Qg5 82. Re1 Qf6 83. Rh1 Rg6 84. Re1 Qf2 85. Qe4 g2 86. Qe5+
Kh7 87. Qxh2+ Rh6 88. Qe5 1-0

[Event "Dos Hermanas Internet Final"]
[Site "Internet Chess Club"]
[Date "2005.03.26"]
[Round "1.1"]
[White "Zhao, Xue"]
[Black "Zhang, Pengxiang"]
[Result "1-0"]
[WhiteElo "2502"]
[BlackElo "2560"]
[PlyCount "113"]
[EventDate "2005.03.26"]
[EventType "k.o. (rapid)"]
[EventCountry "ESP"]
[Source "lmi"]
[SourceDate "2005.03.28"]

1. d4 d5 2. Nf3 Nf6 3. c4 dxc4 4. e3 g6 5. Bxc4 Bg7 6. O-O O-O 7. Nc3 Ne8 8. h3
Nd6 9. Be2 Bf5 10. b3 c5 11. Bb2 Ne4 12. Rc1 Nc6 13. Nxe4 Bxe4 14. Rxc5 Bd5 15.
Nd2 Be6 16. Bf3 Bd7 17. a3 a5 18. Qc2 Rc8 19. Rc1 e6 20. Qb1 Qb6 21. Nc4 Qa7
22. Nd6 Rcd8 23. Qc2 Rb8 24. h4 Rfd8 25. Ne4 Be8 26. h5 Ne7 27. hxg6 hxg6 28.
Qd2 Qb6 29. Qxa5 Qxb3 30. Qd2 Nd5 31. Nc3 Nxc3 32. R5xc3 Qb6 33. g3 Bf8 34. Kg2
Qb5 35. Qc2 Bc6 36. Bxc6 bxc6 37. Ba1 Rd5 38. Rxc6 Rh5 39. a4 Qd5+ 40. e4 Qa5
41. Rc4 Ra8 42. Bc3 Qa6 43. Bd2 Qb7 44. f3 Re8 45. Rh1 Rxh1 46. Kxh1 Rb8 47.
Kg2 Qa6 48. Be3 Ba3 49. Bc1 Bxc1 50. Qxc1 Rb3 51. Rc8+ Kg7 52. Qc4 Qb7 53. Qc5
Rb2+ 54. Kh3 Qb3 55. Qf8+ Kf6 56. Qh8+ Ke7 57. Qd8# 1-0

[Event "Dos Hermanas Internet Final"]
[Site "Internet Chess Club"]
[Date "2005.03.26"]
[Round "1.2"]
[White "Nogueiras, Jesus"]
[Black "Todorovic, Goran M"]
[Result "1-0"]
[WhiteElo "2545"]
[BlackElo "2511"]
[PlyCount "39"]
[EventDate "2005.03.26"]
[EventType "k.o. (rapid)"]
[EventCountry "ESP"]
[Source "lmi"]
[SourceDate "2005.03.28"]

1. d4 d5 2. Bf4 c5 3. e3 Nc6 4. Nf3 e6 5. c3 Bd6 6. Bg3 Nf6 7. Nbd2 O-O 8. Bb5
Bxg3 9. hxg3 Qd6 10. Bxc6 bxc6 11. Ne5 Ba6 12. f4 Rab8 13. b3 cxd4 14. exd4 c5
15. g4 cxd4 16. cxd4 Ne4 17. g5 Qb4 18. Nc6 Qc3 19. Ne7+ Kh8 20. Rxh7+ 1-0

[Event "Dos Hermanas Internet Final"]
[Site "Internet Chess Club"]
[Date "2005.03.26"]
[Round "1.2"]
[White "Volkov, Sergey"]
[Black "Sundararajan, Kidambi"]
[Result "1-0"]
[WhiteElo "2612"]
[BlackElo "2473"]
[PlyCount "87"]
[EventDate "2005.03.26"]
[EventType "k.o. (rapid)"]
[EventCountry "ESP"]
[Source "lmi"]
[SourceDate "2005.03.28"]

1. d4 Nf6 2. c4 e6 3. Nc3 Bb4 4. e3 c5 5. Nge2 d5 6. a3 Bxc3+ 7. Nxc3 cxd4 8.
exd4 dxc4 9. Bxc4 Nc6 10. Be3 O-O 11. O-O h6 12. Rc1 Ne7 13. Bf4 Bd7 14. Be5
Ng6 15. Qf3 Bc6 16. Bxf6 Qxf6 17. Qxf6 gxf6 18. d5 exd5 19. Nxd5 Kg7 20. Nb4
Rac8 21. Nxc6 Rxc6 22. Bd5 Rb6 23. b4 Rd8 24. Be4 Rd7 25. g3 a5 26. bxa5 Rb5
27. a6 bxa6 28. Bc6 Rd3 29. Bxb5 axb5 30. Ra1 Ne5 31. Rfd1 Rc3 32. Rdc1 Rb3 33.
Rcb1 Rxb1+ 34. Rxb1 Nc4 35. Rxb5 Nxa3 36. Rc5 Nb1 37. f3 Nd2 38. Kf2 Nb3 39.
Rd5 Kg6 40. g4 Kg7 41. Ke3 Kg6 42. Kd3 Nc1+ 43. Kd2 Na2 44. Rb5 1-0

[Event "Dos Hermanas Internet Final"]
[Site "Internet Chess Club"]
[Date "2005.03.26"]
[Round "1.2"]
[White "Cheparinov, Ivan"]
[Black "Savchenko, Boris"]
[Result "0-1"]
[WhiteElo "2572"]
[BlackElo "2484"]
[PlyCount "50"]
[EventDate "2005.03.26"]
[EventType "k.o. (rapid)"]
[EventCountry "ESP"]
[Source "lmi"]
[SourceDate "2005.03.28"]

1. e4 c5 2. Nf3 g6 3. d4 cxd4 4. Nxd4 Bg7 5. Nc3 Nc6 6. Be3 Nf6 7. Nxc6 bxc6 8.
e5 Nd5 9. Nxd5 cxd5 10. Qxd5 Rb8 11. Bxa7 Rxb2 12. Bd4 e6 13. Qc4 Rb8 14. Bd3
Bb7 15. O-O Qg5 16. f3 Bxe5 17. Rae1 Bxd4+ 18. Qxd4 O-O 19. Qxd7 Bd5 20. a4 Qd2
21. Rd1 Qc3 22. Rb1 Bc6 23. Rxb8 Qc5+ 24. Kh1 Bxd7 25. Rxf8+ Kxf8 0-1

[Event "Dos Hermanas Internet Final"]
[Site "Internet Chess Club"]
[Date "2005.03.26"]
[Round "1.2"]
[White "Bocharov, Dmitry"]
[Black "Wang, Rui"]
[Result "1-0"]
[WhiteElo "2585"]
[BlackElo "2478"]
[PlyCount "99"]
[EventDate "2005.03.26"]
[EventType "k.o. (rapid)"]
[EventCountry "ESP"]
[Source "lmi"]
[SourceDate "2005.03.28"]

1. d4 Nf6 2. Nf3 g6 3. c4 Bg7 4. g3 O-O 5. Bg2 d6 6. O-O Nc6 7. Nc3 Bf5 8. Ne1
e5 9. d5 Ne7 10. e4 Bd7 11. Nd3 Ne8 12. Bd2 b6 13. Qe2 a5 14. f4 exf4 15. gxf4
Qc8 16. e5 Nf5 17. Kh1 Nh4 18. Be4 f5 19. Bg2 Nxg2 20. Qxg2 Qd8 21. Rae1 Bc8
22. e6 Qe7 23. b3 Ba6 24. a4 Nf6 25. Qf3 Rfe8 26. Nb5 Bxb5 27. axb5 Ne4 28. Bc1
Bc3 29. Re2 Qf6 30. Nf2 Nxf2+ 31. Rexf2 a4 32. Rc2 Bd4 33. bxa4 Rxa4 34. Rd1
Qg7 35. Be3 Bf6 36. Rg1 Rea8 37. Bf2 Ra3 38. Qe2 Be7 39. Rd2 Qc3 40. Bd4 Qf3+
41. Qxf3 Rxf3 42. Rf2 Rd3 43. Bb2 Kf8 44. Kg2 Ra2 45. Ra1 Rxa1 46. Bxa1 Ra3 47.
Bb2 Ra4 48. Rc2 Ra2 49. Bg7+ Kxg7 50. Rxa2 1-0

[Event "Dos Hermanas Internet Final"]
[Site "Internet Chess Club"]
[Date "2005.03.26"]
[Round "1.2"]
[White "Petrosian, Tigran L"]
[Black "Mista, Aleksander"]
[Result "1-0"]
[WhiteElo "2568"]
[BlackElo "2495"]
[PlyCount "103"]
[EventDate "2005.03.26"]
[EventType "k.o. (rapid)"]
[EventCountry "ESP"]
[Source "lmi"]
[SourceDate "2005.03.28"]

1. e4 c6 2. d4 d5 3. Nc3 dxe4 4. Nxe4 Bf5 5. Ng3 Bg6 6. h4 h6 7. Nf3 Nd7 8. h5
Bh7 9. Bd3 Bxd3 10. Qxd3 e6 11. Bf4 Qa5+ 12. Bd2 Qc7 13. O-O-O Ngf6 14. Ne4
O-O-O 15. g3 Nxe4 16. Qxe4 Bd6 17. Kb1 Nf6 18. Qe2 c5 19. Bc1 c4 20. Ne5 b5 21.
f4 Nd5 22. c3 Kb7 23. Ka1 Rc8 24. Rde1 b4 25. Qc2 Qa5 26. Nxf7 b3 27. Nxd6+ Kc6
28. Qb1 Kxd6 29. a3 Rhe8 30. Re5 Qa4 31. Rhe1 Re7 32. Rxd5+ Kxd5 33. f5 Kc6 34.
d5+ Kb7 35. fxe6 Rce8 36. Qe4 Ka6 37. Bf4 Qb5 38. Qd4 Kb7 39. Re4 Rd8 40. Re5
Qb6 41. Qxb6+ axb6 42. Kb1 Rf8 43. d6 Ree8 44. e7 Rg8 45. d7 Kc6 46. dxe8=Q+
Rxe8 47. Kc1 Kd7 48. Kd2 Rxe7 49. Rxe7+ Kxe7 50. Ke3 Ke6 51. Kd4 b5 52. Kc5 1-0

[Event "Dos Hermanas Internet Final"]
[Site "Internet Chess Club"]
[Date "2005.03.26"]
[Round "1.2"]
[White "Shipov, Sergei"]
[Black "Smeets, Jan"]
[Result "0-1"]
[WhiteElo "2588"]
[BlackElo "2475"]
[PlyCount "132"]
[EventDate "2005.03.26"]
[EventType "k.o. (rapid)"]
[EventCountry "ESP"]
[Source "lmi"]
[SourceDate "2005.03.28"]

1. d4 d5 2. c4 c6 3. Nc3 Nf6 4. Nf3 dxc4 5. a4 Bf5 6. Nh4 Bc8 7. e3 e5 8. Bxc4
exd4 9. exd4 Qe7+ 10. Be3 Ng4 11. Qe2 Nxe3 12. Qxe3 Qxe3+ 13. fxe3 Be7 14. Nf3
Nd7 15. a5 O-O 16. O-O Nf6 17. Ne5 Bd6 18. Nxf7 Rxf7 19. e4 c5 20. Nb5 Bb8 21.
e5 Bd7 22. Na3 Kf8 23. Bxf7 Kxf7 24. exf6 cxd4 25. fxg7+ Kxg7 26. Rad1 Be5 27.
Nc4 Bf6 28. Nd6 Rd8 29. Nxb7 Rb8 30. Nc5 Bc8 31. Rd3 Bg5 32. Rg3 Kh6 33. Ne4
Be3+ 34. Kh1 Rxb2 35. h3 Bf5 36. Nd6 Bd3 37. Rf6+ Kh5 38. Rg7 Bg6 39. Nf5 Kg5
40. Rf8 Rb1+ 41. Kh2 Bg1+ 42. Kg3 Rb3+ 43. Ne3 Rxe3+ 44. Rf3 Rxf3+ 45. Kxf3 d3
46. Rd7 Kf6 47. g4 Ke6 48. Rd8 Ke5 49. h4 Be4+ 50. Kg3 Bd4 51. Re8+ Kd5 52.
Rd8+ Kc4 53. Rc8+ Kb4 54. Rd8 Kc3 55. Rc8+ Kd2 56. Kf4 Bh1 57. h5 Be3+ 58. Kg3
h6 59. Rb8 Ke2 60. Rb1 d2 61. Rxh1 d1=Q 62. Rxd1 Kxd1 63. Kf3 Bg5 64. Ke4 Ke2
65. Ke5 Kf3 66. Kd6 Kxg4 0-1

[Event "Dos Hermanas Internet Final"]
[Site "Internet Chess Club"]
[Date "2005.03.26"]
[Round "1.2"]
[White "Guseinov, Gadir"]
[Black "Lie, Kjetil Aleksander"]
[Result "1/2-1/2"]
[WhiteElo "2574"]
[BlackElo "2481"]
[PlyCount "67"]
[EventDate "2005.03.26"]
[EventType "k.o. (rapid)"]
[EventCountry "ESP"]
[Source "lmi"]
[SourceDate "2005.03.28"]

1. e4 c5 2. Nf3 g6 3. d4 cxd4 4. Nxd4 Bg7 5. Nc3 Nc6 6. Be3 Nf6 7. Bc4 Qa5 8.
O-O O-O 9. Nb3 Qc7 10. Bg5 a6 11. a4 Nb4 12. Be2 d5 13. exd5 Rd8 14. Bf3 Be6
15. Qe2 Nfxd5 16. Nxd5 Bxd5 17. Qxe7 Qxe7 18. Bxe7 Nxc2 19. Bxd8 Nxa1 20. Bxd5
Rxd8 21. Bxf7+ Kxf7 22. Rxa1 Bxb2 23. Rb1 Ba3 24. Na5 b5 25. axb5 axb5 26. g3
b4 27. Rb3 Rc8 28. Re3 Rc3 29. Kf1 Rc2 30. Kg2 Bc1 31. Re4 Ba3 32. Re3 Bc1 33.
Re4 Ba3 34. Re3 1/2-1/2

[Event "Dos Hermanas Internet Final"]
[Site "Internet Chess Club"]
[Date "2005.03.26"]
[Round "1.2"]
[White "Fridman, Daniel"]
[Black "Mamedov, Rauf"]
[Result "1-0"]
[WhiteElo "2569"]
[BlackElo "2494"]
[PlyCount "87"]
[EventDate "2005.03.26"]
[EventType "k.o. (rapid)"]
[EventCountry "ESP"]
[Source "lmi"]
[SourceDate "2005.03.28"]

1. d4 Nf6 2. c4 g6 3. Nf3 Bg7 4. g3 d6 5. Bg2 O-O 6. Nc3 Nc6 7. O-O a6 8. Qd3
Bg4 9. d5 Bxf3 10. exf3 Ne5 11. Qe2 c5 12. f4 Ned7 13. a4 Re8 14. Qd3 Nf8 15.
f5 N8d7 16. fxg6 hxg6 17. Bd2 Rb8 18. Rae1 Qb6 19. Qc2 Nf8 20. f4 e6 21. b3 Qc7
22. h3 Qd7 23. Kh2 exd5 24. Nxd5 Nxd5 25. Bxd5 Ne6 26. Qd3 Nd4 27. Qxg6 Rxe1
28. Bxe1 Re8 29. f5 Re2+ 30. Kg1 Kf8 31. Qh7 Qe7 32. f6 Bxf6 33. Bd2 Ne6 34.
Bh6+ Ke8 35. Qg8+ Kd7 36. Qg4 Re5 37. Bf4 Kc7 38. Bxe5 Bxe5 39. Bxe6 fxe6 40.
Qg6 Kb6 41. Rf7 Qd8 42. Qe4 Qg5 43. Rxb7+ Ka5 44. Qe1+ 1-0

[Event "Dos Hermanas Internet Final"]
[Site "Internet Chess Club"]
[Date "2005.03.26"]
[Round "1.2"]
[White "Sakaev, Konstantin"]
[Black "Rajaram Laxman"]
[Result "1/2-1/2"]
[WhiteElo "2677"]
[BlackElo "2377"]
[PlyCount "110"]
[EventDate "2005.03.26"]
[EventType "k.o. (rapid)"]
[EventCountry "ESP"]
[Source "lmi"]
[SourceDate "2005.03.28"]

1. d4 Nf6 2. Nf3 e6 3. c4 b6 4. Nc3 Bb7 5. a3 d5 6. cxd5 exd5 7. Bg5 Be7 8. e3
O-O 9. Bd3 Ne4 10. Bxe7 Qxe7 11. O-O Nxc3 12. bxc3 Nd7 13. c4 dxc4 14. Bxc4 a6
15. a4 Qf6 16. Be2 Qd6 17. Qc2 Rfc8 18. Rfd1 Nf6 19. Rac1 Be4 20. Qb3 Bd5 21.
Qb2 a5 22. Ne5 c5 23. Nc4 Bxc4 24. Rxc4 Rd8 25. g3 Qe6 26. Rcc1 Ne4 27. Bf3
Rab8 28. Bg2 f5 29. dxc5 Nxc5 30. Qb5 h6 31. Rd4 Kh7 32. Rcd1 Rxd4 33. Rxd4 Rc8
34. h4 Ne4 35. Bxe4 fxe4 36. Qb1 Re8 37. Kg2 Qg4 38. Qd1 Qf5 39. Qe2 Re5 40.
Qc2 Qf3+ 41. Kg1 h5 42. Rc4 Kh6 43. Rc6+ g6 44. Rd6 Rc5 45. Qb2 Qf8 46. Rd7 Rf5
47. Rb7 b5 48. Rxb5 Rf6 49. Rxa5 Rd6 50. Rb5 Rd1+ 51. Kh2 Rf1 52. Kg2 Rd1 53.
Kh2 Rf1 54. Kg2 Rd1 55. Kh2 Rf1 1/2-1/2

[Event "Dos Hermanas Internet Final"]
[Site "Internet Chess Club"]
[Date "2005.03.26"]
[Round "1.2"]
[White "Godena, Michele"]
[Black "Agamaliev, Gamil"]
[Result "1-0"]
[WhiteElo "2544"]
[BlackElo "2516"]
[PlyCount "107"]
[EventDate "2005.03.26"]
[EventType "k.o. (rapid)"]
[EventCountry "ESP"]
[Source "lmi"]
[SourceDate "2005.03.28"]

1. e4 c5 2. Nf3 Nc6 3. c3 e6 4. d4 d5 5. exd5 exd5 6. Bb5 Bd6 7. dxc5 Bxc5 8.
O-O Nge7 9. Nbd2 O-O 10. Nb3 Bb6 11. Bd3 Qd6 12. Re1 h6 13. Be3 Bxe3 14. Rxe3
Bg4 15. h3 Bh5 16. Be2 Rad8 17. Nfd4 Bg6 18. Bf3 a6 19. Qe2 Qc7 20. Re1 Nxd4
21. Nxd4 Nc6 22. Nxc6 Qxc6 23. Qd2 Qa4 24. a3 d4 25. Re7 b5 26. cxd4 Qxd4 27.
Qa5 Rd6 28. Re8 Rxe8 29. Rxe8+ Kh7 30. Qc7 Re6 31. Rxe6 fxe6 32. Qc3 Qd6 33. g3
e5 34. h4 e4 35. Be2 Qd5 36. Qe3 a5 37. b4 axb4 38. axb4 Qe5 39. Kh2 h5 40. Qg5
Qb2 41. Qxb5 Qd2 42. Qc4 e3 43. fxe3 Qxe3 44. Bf1 Be4 45. Qe2 Qxe2+ 46. Bxe2
Kh6 47. b5 g5 48. b6 Bb7 49. Kg1 Kg6 50. Kf2 g4 51. Bf1 Kf5 52. Bg2 Ba6 53. b7
Bxb7 54. Bxb7 1-0

[Event "Dos Hermanas Internet Final"]
[Site "Internet Chess Club"]
[Date "2005.03.26"]
[Round "1.3"]
[White "Rajaram Laxman"]
[Black "Sakaev, Konstantin"]
[Result "0-1"]
[WhiteElo "2377"]
[BlackElo "2677"]
[PlyCount "82"]
[EventDate "2005.03.26"]
[EventType "k.o. (rapid)"]
[EventCountry "ESP"]
[Source "lmi"]
[SourceDate "2005.03.28"]

1. Nf3 d5 2. d4 Nf6 3. e3 c6 4. c4 a6 5. Nc3 b5 6. cxd5 cxd5 7. a3 e6 8. Bd3
Bb7 9. O-O Nbd7 10. Qe2 Be7 11. Rd1 O-O 12. e4 dxe4 13. Nxe4 Nxe4 14. Bxe4 Bxe4
15. Qxe4 Nf6 16. Qe2 Nd5 17. Ne5 Qc7 18. Bd2 Qb7 19. Ba5 Rac8 20. g3 g6 21.
Rac1 Bd6 22. Qe4 Rxc1 23. Rxc1 Rc8 24. Re1 Qe7 25. h4 Qf6 26. Ng4 Qe7 27. Ne5
Qf6 28. Qe2 h5 29. Rd1 Qf5 30. Rd3 Bxe5 31. dxe5 Rc4 32. f4 Rc1+ 33. Kh2 Rb1
34. Qc2 Rxb2 35. Qxb2 Qxd3 36. Bb4 Ne3 37. Bc5 Ng4+ 38. Kg1 Qxg3+ 39. Kf1 Qxf4+
40. Kg2 Qh2+ 41. Kf3 Qxb2 0-1

[Event "Dos Hermanas Internet Final"]
[Site "Internet Chess Club"]
[Date "2005.03.26"]
[Round "1.3"]
[White "Todorovic, Goran M"]
[Black "Nogueiras, Jesus"]
[Result "1/2-1/2"]
[WhiteElo "2511"]
[BlackElo "2545"]
[PlyCount "91"]
[EventDate "2005.03.26"]
[EventType "k.o. (rapid)"]
[EventCountry "ESP"]
[Source "lmi"]
[SourceDate "2005.03.28"]

1. e4 e6 2. d4 d5 3. Nd2 c5 4. Ngf3 cxd4 5. exd5 Qxd5 6. Bc4 Qd6 7. Qe2 Nf6 8.
Nb3 Nc6 9. Bg5 Qb4+ 10. Bd2 Qb6 11. O-O-O Bd7 12. Bg5 h6 13. Bxf6 gxf6 14.
Nbxd4 O-O-O 15. Kb1 Bc5 16. Nb3 Be7 17. Rhe1 Kb8 18. Nfd4 Nxd4 19. Nxd4 Ba4 20.
Nb3 Qc7 21. g3 a6 22. Bd3 f5 23. c3 Bf6 24. Bc2 Bg7 25. f4 Bb5 26. Qe3 Rxd1+
27. Rxd1 Rd8 28. Rxd8+ Qxd8 29. Nd4 Qd5 30. Nxb5 Qxb5 31. a3 Qd5 32. Bd3 Bf8
33. Kc2 Qg2+ 34. Qe2 Qxe2+ 35. Bxe2 Bc5 36. Bh5 Bg1 37. h3 Bh2 38. Bxf7 Bxg3
39. Bxe6 Bxf4 40. Bxf5 Kc7 41. Kd3 b6 42. a4 a5 43. Kc4 Bc1 44. b4 axb4 45.
cxb4 Bd2 46. Kb5 1/2-1/2

[Event "Dos Hermanas Internet Final"]
[Site "Internet Chess Club"]
[Date "2005.03.26"]
[Round "1.3"]
[White "Lie, Kjetil Aleksander"]
[Black "Guseinov, Gadir"]
[Result "1-0"]
[WhiteElo "2481"]
[BlackElo "2574"]
[PlyCount "75"]
[EventDate "2005.03.26"]
[EventType "k.o. (rapid)"]
[EventCountry "ESP"]
[Source "lmi"]
[SourceDate "2005.03.28"]

1. c4 g6 2. g3 Bg7 3. Bg2 d6 4. Nc3 Nf6 5. d3 O-O 6. Bg5 e5 7. Qd2 Re8 8. e4
Nc6 9. Nge2 Be6 10. Nd5 a6 11. O-O Nd4 12. Nxd4 exd4 13. Rac1 c6 14. Nf4 Bd7
15. Ne2 c5 16. Qf4 Re5 17. h4 Rb8 18. Qd2 Re8 19. b4 b6 20. Rb1 b5 21. bxc5
dxc5 22. cxb5 Bxb5 23. Rfc1 Rc8 24. h5 Qd6 25. hxg6 hxg6 26. Bf4 Qe7 27. Bg5
Qd6 28. Nf4 Nd7 29. Nd5 Ne5 30. Bf4 Qe6 31. Bxe5 Qxe5 32. f4 Qh5 33. Kf2 c4 34.
Rh1 c3 35. Qc2 Qxd5 36. exd5 Re3 37. Rbd1 Bf8 38. Rhe1 1-0